[Event "15. Bayer Open"]
[Site "Leverkusen"]
[Date "2017.03.27"]
[Round "6.22"]
[White "Rosenauer, Horst"]
[Black "Becker, Johann"]
[Result "1-0"]
[WhiteElo "1867"]
[BlackElo "1551"]
[PlyCount "47"]
[EventDate "2017.??.??"]
[WhiteTeam "Bergische SF"]
[BlackTeam "TV Witzhelden"]

1. e4 c5 2. Nf3 Nc6 3. Bb5 g6 4. O-O Bg7 5. c3 e6 6. d3 Qc7 7. Be3 d6 8. d4
cxd4 9. cxd4 Bd7 10. Nc3 Nge7 11. Rc1 Qa5 12. Qd2 O-O 13. Bh6 a6 14. Bxg7 Kxg7
15. Bd3 Rac8 16. Bb1 b5 17. a3 Rc7 18. Qf4 Nxd4 19. Nxd4 e5 20. Nf5+ Bxf5 21.
Qd2 Be6 22. Qxd6 Nc6 23. Nd5 Bxd5 24. exd5 1-0

[Event "15. Bayer Open"]
[Site "Leverkusen"]
[Date "2017.03.27"]
[Round "6.24"]
[White "Schimpf, Rolf"]
[Black "Hoffmann, Michael"]
[Result "1/2-1/2"]
[WhiteElo "1679"]
[BlackElo "1682"]
[Annotator "Birnkott,Manfred"]
[PlyCount "51"]
[EventDate "2017.??.??"]
[WhiteTeam "SC Bayer Leverkusen"]
[BlackTeam "SG Neuss"]

1. c4 c6 2. d4 d5 3. cxd5 cxd5 4. Nc3 Nf6 5. Bf4 Nc6 6. e3 a6 7. Rc1 Bg4 8. Be2
Bxe2 9. Qxe2 e6 10. Nf3 Be7 11. Bg5 O-O 12. Bxf6 Bxf6 13. O-O Qd6 14. a3 Na5
15. Nd2 b5 16. b4 Nb7 17. Nb3 Rfc8 18. Rc2 Qe7 19. Nc5 Nd6 20. Nd1 Nc4 21. Qd3
Qd6 22. Nb2 Bd8 23. Nxc4 bxc4 24. Qe2 Bc7 25. f4 Rcb8 26. Rb1 1/2-1/2

[Event "15. Bayer Open"]
[Site "Leverkusen"]
[Date "2017.03.27"]
[Round "6.25"]
[White "Negele, Michael"]
[Black "Meul, Willi"]
[Result "1/2-1/2"]
[WhiteElo "2137"]
[BlackElo "1740"]
[PlyCount "109"]
[EventDate "2017.??.??"]
[WhiteTeam "SC Bayer Leverkusen"]
[BlackTeam "SV Hürth-Berrenrath"]

1. e4 c5 2. d4 cxd4 3. c3 dxc3 4. Nxc3 d6 5. Bc4 e6 6. Nge2 Nc6 7. O-O a6 8.
Ng3 Nf6 9. Be3 Bd7 10. f4 b5 11. Be2 Be7 12. Bf3 O-O 13. Qd2 Rc8 14. a3 Na5 15.
Qf2 Nc4 16. Ba7 e5 17. fxe5 dxe5 18. Nf5 Bxf5 19. exf5 Nxb2 20. Qxb2 Qc7 21.
Nxb5 axb5 22. Bf2 e4 23. Be2 Bd6 24. h3 Be5 25. Bd4 Bxd4+ 26. Qxd4 Qc5 27. Rfd1
Qxd4+ 28. Rxd4 Rc5 29. g4 h6 30. Rb4 Rc3 31. Rxb5 Rxh3 32. Kg2 Rc3 33. a4 Rd8
34. Rd1 Rxd1 35. Bxd1 Rd3 36. Be2 Rd2 37. Kf1 Ra2 38. a5 Kf8 39. Rb8+ Ke7 40.
Rb7+ Kd6 41. a6 Ke5 42. Rxf7 Kf4 43. Bc4 Ra1+ 44. Ke2 Ra4 45. a7 Kxg4 46. Be6
Kf4 47. Rxg7 Ke5 48. Bc8 Nd5 49. f6 Ra2+ 50. Ke1 Kxf6 51. Rh7 Ke5 52. Rf7 Ra1+
53. Ke2 Ra2+ 54. Ke1 Ra1+ 55. Ke2 1/2-1/2

[Event "15. Bayer Open"]
[Site "Leverkusen"]
[Date "2017.03.27"]
[Round "6.26"]
[White "Axmann, Michael"]
[Black "Jiritschka, Wolfgang"]
[Result "1/2-1/2"]
[WhiteElo "1701"]
[BlackElo "1811"]
[Annotator "Birnkott,Manfred"]
[PlyCount "51"]
[EventDate "2017.??.??"]
[WhiteTeam "SC Bayer Leverkusen"]
[BlackTeam "SC Bayer Leverkusen"]

1. d4 d5 2. c4 c6 3. cxd5 cxd5 4. Nc3 Nf6 5. Nf3 Nc6 6. e3 e6 7. a3 Be7 8. Bd3
a6 9. O-O Qc7 10. Bd2 Bd7 11. Rc1 O-O 12. Qc2 Rfc8 13. Ne2 Qb6 14. Qb1 Na5 15.
Bxa5 Qxa5 16. Ne5 Bb5 17. Bxb5 Qxb5 18. Ng3 Bd6 19. Rxc8+ Rxc8 20. Rc1 Rxc1+
21. Qxc1 Bxe5 22. dxe5 Ne8 23. Qc2 Qc6 24. Qd2 Nc7 25. Ne2 h6 26. Nd4 1/2-1/2

[Event "15. Bayer Open"]
[Site "Leverkusen"]
[Date "2017.03.27"]
[Round "6.27"]
[White "Skiber, Friedel"]
[Black "Vranidis, Athanassios"]
[Result "0-1"]
[WhiteElo "1557"]
[BlackElo "1794"]
[PlyCount "74"]
[EventDate "2017.??.??"]
[WhiteTeam "SG Solingen"]
[BlackTeam "SG Solingen"]

1. e4 c5 2. Nc3 Nc6 3. Bb5 Nd4 4. Bc4 e6 5. Nge2 Nxe2 6. Qxe2 a6 7. d3 Ne7 8.
O-O Nc6 9. Be3 Nd4 10. Qd1 g6 11. Ne2 Bg7 12. c3 Nxe2+ 13. Qxe2 b6 14. f4 O-O
15. f5 d5 16. Bb3 d4 17. Bd2 exf5 18. Qf3 Ra7 19. Rae1 fxe4 20. Qxe4 Bf5 21.
Rxf5 gxf5 22. Qxf5 Qf6 23. Qh3 Re7 24. Rf1 Qe5 25. Bd1 dxc3 26. bxc3 Qe6 27.
Bg4 Qc6 28. Bf5 h6 29. Rf3 Rfe8 30. Rf2 Qf6 31. Qg4 Kf8 32. Bg6 Qxg6 33. Qxg6
Re1+ 34. Bxe1 Rxe1+ 35. Rf1 Rxf1+ 36. Kxf1 fxg6 37. d4 Ke7 0-1

[Event "15. Bayer Open"]
[Site "Leverkusen"]
[Date "2017.03.27"]
[Round "6.28"]
[White "Blumenthal, Ralf"]
[Black "Witte, Volker"]
[Result "1/2-1/2"]
[WhiteElo "1779"]
[BlackElo "1750"]
[PlyCount "41"]
[EventDate "2017.??.??"]
[WhiteTeam "SK Turm Euskirchen"]
[BlackTeam "SF Schlebusch"]

1. e4 c6 2. d4 d5 3. f3 g6 4. Nc3 Bg7 5. Be3 e6 6. Qd2 Nd7 7. g3 Nb6 8. b3 h5
9. h4 Bh6 10. Nge2 Bxe3 11. Qxe3 Qe7 12. Bh3 Bd7 13. Kf2 Nf6 14. a4 a5 15. Rae1
dxe4 16. fxe4 Qd8 17. Kg2 e5 18. Bxd7+ Nbxd7 19. d5 Ng4 20. Qd3 Qb6 21. Nd1
1/2-1/2

[Event "15. Bayer Open"]
[Site "Leverkusen"]
[Date "2017.03.27"]
[Round "6.29"]
[White "Kaspar, Uwe"]
[Black "Autiero, Giovanni"]
[Result "1-0"]
[WhiteElo "1835"]
[BlackElo "1773"]
[PlyCount "39"]
[EventDate "2017.??.??"]
[WhiteTeam "Düsseldorfer SK"]
[BlackTeam "Düsseldorfer SK"]

1. e4 e6 2. d4 d5 3. e5 c5 4. c3 Nc6 5. Nh3 cxd4 6. cxd4 Nge7 7. Be3 Nf5 8. Nc3
Nxe3 9. fxe3 Be7 10. Bd3 g6 11. O-O Bd7 12. Qf3 O-O 13. Nf4 f5 14. Qg3 Kh8 15.
Nxg6+ hxg6 16. Qxg6 Bg5 17. Rf3 Be8 18. Rh3+ Bh4 19. Qh6+ Kg8 20. Rxh4 1-0

[Event "15. Bayer Open"]
[Site "Leverkusen"]
[Date "2017.03.27"]
[Round "6.30"]
[White "Elshani, Shaip"]
[Black "Alexopoulos, Spiros Orestis"]
[Result "0-1"]
[WhiteElo "1552"]
[BlackElo "1896"]
[PlyCount "96"]
[EventDate "2017.??.??"]
[WhiteTeam "SC Bayer Leverkusen"]
[BlackTeam "Aachener SV"]

1. e4 d5 2. exd5 Nf6 3. Bc4 Nxd5 4. Bxd5 Qxd5 5. Qf3 Qxf3 6. Nxf3 Nc6 7. c3 Bg4
8. Ng5 h6 9. Ne4 O-O-O 10. O-O e5 11. b4 Be2 12. Re1 Bd3 13. f3 f6 14. a4 a5
15. Ba3 axb4 16. cxb4 Nxb4 17. Bxb4 Bxb4 18. Nbc3 Bxe4 19. Rxe4 Bc5+ 20. Kh1
Rxd2 21. Rc1 Rhd8 22. h3 Bf2 23. Kh2 h5 24. a5 h4 25. Re2 Bg3+ 26. Kg1 Rxe2 27.
Nxe2 Rd5 28. Ra1 Rd2 29. Kf1 Kb8 30. Nc3 Rf2+ 31. Kg1 Rc2 32. Ne4 Bf4 33. Kf1
f5 34. Nf2 Rc1+ 35. Rxc1 Bxc1 36. Nd3 Bf4 37. Ke2 Ka7 38. Nc5 b6 39. axb6+ cxb6
40. Ne6 g6 41. Nf8 g5 42. Ne6 b5 43. Ng7 Kb6 44. Nxf5 Kc5 45. Kd3 Kb4 46. Ne7
Ka3 47. Nd5 Kb2 48. Nc7 e4+ 0-1

[Event "15. Bayer Open"]
[Site "Leverkusen"]
[Date "2017.03.27"]
[Round "6.31"]
[White "Hansel, Rainer"]
[Black "Riesen, Peter"]
[Result "1/2-1/2"]
[WhiteElo "1906"]
[BlackElo "1670"]
[PlyCount "46"]
[EventDate "2017.??.??"]
[WhiteTeam "SF Köln-Longerich"]
[BlackTeam "Klub Kölner SF"]

1. d4 d5 2. c4 dxc4 3. e3 Nf6 4. Bxc4 e6 5. Nf3 a6 6. a4 c5 7. O-O Nc6 8. Nc3
cxd4 9. exd4 Nb4 10. Ne5 Be7 11. Be3 O-O 12. Qf3 Nbd5 13. Rac1 Qa5 14. Bd3 Nxc3
15. Rxc3 Nd5 16. Bxh7+ Kxh7 17. Qh5+ Kg8 18. Bh6 Nxc3 19. Bxg7 Kxg7 20. Qg4+
Kh7 21. Re1 Qxa4 22. Qh5+ Kg7 23. Qg4+ Kh7 1/2-1/2

[Event "15. Bayer Open"]
[Site "Leverkusen"]
[Date "2017.03.27"]
[Round "6.32"]
[White "Ipekyilmaz, Tayfun"]
[Black "Kamphausen, Johannes-Dieter"]
[Result "1/2-1/2"]
[WhiteElo "1645"]
[BlackElo "1728"]
[PlyCount "85"]
[EventDate "2017.??.??"]
[WhiteTeam "Langenfelder SF"]
[BlackTeam "SV Springer Hitdorf"]

1. e4 e5 2. f4 exf4 3. Nf3 d5 4. exd5 Nf6 5. Bb5+ c6 6. dxc6 Nxc6 7. Bxc6+ bxc6
8. d4 Bd6 9. O-O O-O 10. Nc3 Bg4 11. Qd3 Re8 12. Bd2 Qd7 13. Ne5 Bxe5 14. dxe5
Nd5 15. Nxd5 cxd5 16. Bxf4 Bf5 17. Qd2 Be4 18. c3 Qe6 19. Qd4 Rec8 20. Qf2 Rab8
21. Be3 Rb7 22. Bd4 a5 23. Rad1 a4 24. Rd2 Rcb8 25. Qh4 h6 26. Rff2 Bb1 27. Qg3
Bxa2 28. Rf6 Qd7 29. Rxh6 Rxb2 30. Rxb2 Rxb2 31. Rd6 Rb1+ 32. Kf2 Qf5+ 33. Qf3
Qxf3+ 34. gxf3 Bc4 35. Rd8+ Kh7 36. Ra8 Ra1 37. Bc5 Bb3 38. Ra6 Ra2+ 39. Kg3
Rc2 40. Bd4 Ra2 41. Bc5 Ra1 42. f4 Re1 43. Bd4 1/2-1/2

[Event "15. Bayer Open"]
[Site "Leverkusen"]
[Date "2017.03.27"]
[Round "6.33"]
[White "Pützkaul, Karl"]
[Black "Pfister, Jürgen"]
[Result "1-0"]
[WhiteElo "1687"]
[BlackElo "1442"]
[PlyCount "49"]
[EventDate "2017.??.??"]
[WhiteTeam "SC Bayer Leverkusen"]
[BlackTeam "SF Düsseldorf-Süd"]

1. d4 d5 2. c4 e6 3. Nc3 Nf6 4. Bg5 Be7 5. e3 c6 6. Nf3 a6 7. cxd5 Nxd5 8. Bxe7
Nxe7 9. Bd3 b5 10. O-O Bb7 11. Rc1 Nd7 12. Ne4 Rc8 13. Nd6+ Kf8 14. Nxb7 Qc7
15. Nc5 Nxc5 16. Rxc5 Ng6 17. Qe2 f6 18. Rfc1 f5 19. Ne5 Nxe5 20. Rxe5 Kf7 21.
Rcc5 Rhd8 22. Qf3 Rd5 23. Rexd5 cxd5 24. Rxc7+ Rxc7 25. h4 1-0

[Event "15. Bayer Open"]
[Site "Leverkusen"]
[Date "2017.03.27"]
[Round "6.36"]
[White "Elsweiler, Karl-Heinz"]
[Black "Rudolph, Eva"]
[Result "0-1"]
[WhiteElo "1574"]
[BlackElo "1680"]
[PlyCount "54"]
[EventDate "2017.??.??"]
[WhiteTeam "SV Opladen"]
[BlackTeam "Düsseldorfer SK"]

1. b4 e5 2. Bb2 Bxb4 3. Bxe5 Nf6 4. Nf3 d5 5. e3 O-O 6. Be2 c5 7. Bc3 Bxc3 8.
Nxc3 Nc6 9. O-O d4 10. exd4 cxd4 11. Na4 Bf5 12. Nc5 b6 13. Nb3 Re8 14. Bb5 Be4
15. Bxc6 Bxc6 16. Nbxd4 Bb7 17. d3 Rc8 18. c4 Qd7 19. Re1 Rxe1+ 20. Qxe1 Bxf3
21. Nxf3 Qxd3 22. Ne5 Qf5 23. Rd1 Re8 24. f4 Qxf4 25. Nd7 Rxe1+ 26. Rxe1 Nxd7
27. Re8+ Nf8 0-1

[Event "15. Bayer Open"]
[Site "Leverkusen"]
[Date "2017.03.27"]
[Round "6.37"]
[White "Liebsch, Ulrich"]
[Black "Klees, Robert"]
[Result "1-0"]
[WhiteElo "1687"]
[BlackElo "1343"]
[Annotator "Birnkott,Manfred"]
[PlyCount "43"]
[EventDate "2017.??.??"]
[WhiteTeam "SC Bayer Leverkusen"]
[BlackTeam "SF Düsseldorf-Süd"]

1. c4 e5 2. Nc3 Nf6 3. g3 d5 4. cxd5 c6 5. dxc6 Nxc6 6. Bg2 Bc5 7. Nh3 Be6 8.
O-O O-O 9. d3 h6 10. Be3 Bxe3 11. fxe3 Qb6 12. Qd2 Rfd8 13. Nf2 Rac8 14. Rac1
Ne7 15. Kh1 Nf5 16. Nfd1 Ne7 17. e4 a6 18. Ne3 Nc6 19. Nf5 Kf8 20. Nxh6 Ng4 21.
Nxg4 Bxg4 22. Nd5 1-0

[Event "15. Bayer Open"]
[Site "Leverkusen"]
[Date "2017.03.27"]
[Round "6.38"]
[White "Kronseder, Michael"]
[Black "Multhauf, Stefan"]
[Result "0-1"]
[WhiteElo "1537"]
[BlackElo "1661"]
[Annotator "Birnkott,Manfred"]
[PlyCount "56"]
[EventDate "2017.??.??"]
[WhiteTeam "SV Hürth-Berrenrath"]
[BlackTeam "Königsspringer Leverkusen"]

1. e4 e6 2. Nc3 d5 3. Nf3 dxe4 4. Nxe4 Bd7 5. d4 Bc6 6. Bd3 Nd7 7. O-O Ngf6 8.
Ng3 Be7 9. Ne5 Nxe5 10. dxe5 Qd5 11. f3 Ng4 12. Qe2 Nxe5 13. Be4 Qb5 14. Bxc6+
bxc6 15. Re1 Qxe2 16. Rxe2 Bd6 17. b3 O-O 18. Bb2 Ng6 19. Ne4 Rfd8 20. g3 Be5
21. c3 Bd6 22. f4 Ne7 23. Kf1 Nd5 24. Rd1 Be7 25. Ke1 Kf8 26. Red2 Nf6 27.
Rxd8+ Rxd8 28. Rxd8+ Bxd8 0-1

[Event "15. Bayer Open"]
[Site "Leverkusen"]
[Date "2017.03.27"]
[Round "6.39"]
[White "Wotzka, Anton"]
[Black "Hegmann, Werner"]
[Result "0-1"]
[WhiteElo "1513"]
[BlackElo "1483"]
[PlyCount "52"]
[EventDate "2017.??.??"]
[WhiteTeam "SF Schlebusch"]
[BlackTeam "SV Opladen"]

1. e4 e5 2. Nf3 Nc6 3. Bc4 Bc5 4. c3 Nf6 5. d4 exd4 6. cxd4 Bb4+ 7. Nc3 Nxe4 8.
O-O Bxc3 9. d5 Bf6 10. Re1 O-O 11. Rxe4 Nb8 12. d6 cxd6 13. Qd5 Nc6 14. Bg5 h6
15. Bxf6 Qxf6 16. Rae1 b6 17. Qd2 Bb7 18. Rf4 Qd8 19. Qxd6 Qb8 20. Qd2 Qc7 21.
Rh4 Na5 22. Rxh6 Bxf3 23. gxf3 Qxc4 24. Rh3 Rae8 25. Rxe8 Rxe8 26. Qxd7 Qe6 0-1

[Event "15. Bayer Open"]
[Site "Leverkusen"]
[Date "2017.03.27"]
[Round "6.41"]
[White "Stuch, Hans-Ferdinand"]
[Black "Kayser, Manfred"]
[Result "1-0"]
[WhiteElo "1570"]
[BlackElo "1484"]
[PlyCount "52"]
[EventDate "2017.??.??"]
[WhiteTeam "SC Bonn Beuel"]
[BlackTeam "Königsspringer Leverkusen"]

1. e4 e6 2. d3 c5 3. Nc3 Nc6 4. g3 Nf6 5. Nf3 d6 6. Bg2 Be7 7. O-O Nd7 8. Be3
Nde5 9. Nxe5 Nxe5 10. f4 Nc6 11. Qd2 O-O 12. Rac1 a6 13. Ne2 Qb6 14. b3 f5 15.
exf5 exf5 16. d4 cxd4 17. Nxd4 Nxd4 18. Bxd4 Qd8 19. Rfe1 Bf6 20. Re2 Rb8 21.
Rce1 b6 22. Bxf6 gxf6 23. Re7 b5 24. Qd4 Qb6 25. Bd5+ Kh8 26. Qxb6 Rxb6 1-0

[Event "15. Bayer Open"]
[Site "Leverkusen"]
[Date "2017.03.27"]
[Round "6.42"]
[White "Lasser, Rene"]
[Black "Rist, Kurt"]
[Result "1-0"]
[WhiteElo "1398"]
[BlackElo "1503"]
[PlyCount "39"]
[EventDate "2017.??.??"]
[WhiteTeam "Königsspringer Leverkusen"]
[BlackTeam "SG Solingen"]

1. e4 c5 2. f4 Nc6 3. Nf3 d6 4. Bc4 Nf6 5. Nc3 e6 6. O-O a6 7. f5 Nd4 8. Nxd4
cxd4 9. Ne2 Qb6 10. Ng3 d3+ 11. Kh1 dxc2 12. Qxc2 Bd7 13. d3 Rc8 14. Qd1 d5 15.
Bb3 Bd6 16. Nh5 Nxh5 17. Qxh5 O-O 18. f6 dxe4 19. fxg7 Rxc1 20. gxf8=Q+ 1-0

[Event "15. Bayer Open"]
[Site "Leverkusen"]
[Date "2017.03.27"]
[Round "6.43"]
[White "Arnold, Bodo"]
[Black "Azimi, Reza"]
[Result "1-0"]
[WhiteElo "1623"]
[BlackElo "1303"]
[PlyCount "123"]
[EventDate "2017.??.??"]
[WhiteTeam "SF Schlebusch"]
[BlackTeam "Schachuzipus Köln-Mülheim"]

1. Nf3 c5 2. g3 d5 3. Bg2 Bg4 4. c4 Nf6 5. O-O Nc6 6. d3 Qd7 7. cxd5 Nxd5 8.
Nc3 Nxc3 9. bxc3 Bh3 10. Qb3 Bxg2 11. Kxg2 e6 12. Rb1 b6 13. Bb2 Be7 14. c4 O-O
15. Rbd1 Qb7 16. Kg1 Rad8 17. Bc3 Nd4 18. Nxd4 cxd4 19. Bb4 Bxb4 20. Qxb4 e5
21. Rb1 Qc6 22. Qb5 Qe6 23. a4 e4 24. c5 Rd5 25. Qa6 Qh3 26. f3 Rh5 27. Rf2
exf3 28. exf3 Rxc5 29. Qxa7 Rc6 30. Qe7 Rfc8 31. Qe1 Qh6 32. Re2 Re6 33. Rxe6
fxe6 34. f4 Rc2 35. h4 Qg6 36. Rxb6 h6 37. Qxe6+ Qxe6 38. Rxe6 Rd2 39. Rd6 Rxd3
40. Kf2 Kf7 41. a5 Ke7 42. Ra6 Ra3 43. g4 d3 44. Ke3 Kd7 45. Ra7+ Kc6 46. Rxg7
Kb5 47. Rd7 Kc4 48. Rd4+ Kb5 49. Rxd3 Ra1 50. Rd5+ Ka6 51. f5 Rf1 52. g5 hxg5
53. hxg5 Rg1 54. g6 Rg5 55. Kf4 Rg1 56. Ke5 Re1+ 57. Kf6 Re8 58. Kf7 Ra8 59. g7
Ra7+ 60. Kg6 Ra8 61. f6 Kb7 62. f7 1-0

[Event "15. Bayer Open"]
[Site "Leverkusen"]
[Date "2017.03.27"]
[Round "6.46"]
[White "Bursch, Alexander"]
[Black "Antar Badal, Azadi"]
[Result "0-1"]
[WhiteElo "1506"]
[BlackElo "1683"]
[Annotator "Birnkott,Manfred"]
[PlyCount "32"]
[EventDate "2017.??.??"]
[WhiteTeam "SV Hennef"]
[BlackTeam "Königsspringer Leverkusen"]

1. b3 d5 2. e3 e5 3. Bb2 Bd6 4. f4 Qe7 5. Nf3 f6 6. fxe5 fxe5 7. Nxe5 Nf6 8.
Nf3 Bg4 9. Be2 a6 10. O-O Nbd7 11. Nd4 Qe5 12. Rf4 g5 13. Nc6 Qxb2 14. Bxg4
gxf4 15. Bh5+ Kf8 16. Nd4 Qxa1 0-1

[Event "15. Bayer Open"]
[Site "Leverkusen"]
[Date "2017.03.27"]
[Round "6.47"]
[White "Dörper, Georg"]
[Black "Diaubalick, Ulrich"]
[Result "1/2-1/2"]
[WhiteElo "1344"]
[BlackElo "1476"]
[Annotator "Birnkott,Manfred"]
[PlyCount "44"]
[EventDate "2017.??.??"]
[WhiteTeam "SF Düsseldorf-Süd"]
[BlackTeam "SF Düsseldorf-Süd"]

1. d4 Nf6 2. Nf3 g6 3. c4 Bg7 4. Nc3 d6 5. Bf4 Nbd7 6. e4 O-O 7. Be2 b6 8. O-O
Bb7 9. Qc2 a6 10. Rad1 Qe8 11. h3 Rc8 12. Qb1 e6 13. Rfe1 e5 14. dxe5 dxe5 15.
Be3 Qe7 16. Nd5 Nxd5 17. cxd5 c5 18. Bg5 Qd6 19. Nd2 b5 20. b3 h6 21. Bh4 Nb6
22. Rc1 Rc7 1/2-1/2

[Event "15. Bayer Open"]
[Site "Leverkusen"]
[Date "2017.03.27"]
[Round "6.48"]
[White "Yon, Gregory"]
[Black "Baumgarten, Fred"]
[Result "0-1"]
[WhiteElo "1520"]
[BlackElo "1589"]
[Annotator "Birnkott,Manfred"]
[PlyCount "126"]
[EventDate "2017.??.??"]
[WhiteTeam "Bergische SF"]
[BlackTeam "SV Hennef"]

1. d4 Nf6 2. c4 g6 3. Nc3 Bg7 4. Bf4 d6 5. e3 Nh5 6. Bg3 c5 7. Be2 Nxg3 8. hxg3
Qb6 9. Nf3 Qxb2 10. Nd5 Na6 11. O-O e6 12. Nf4 cxd4 13. exd4 Qb6 14. Rb1 Qc7
15. Ne1 O-O 16. Nc2 Bd7 17. Na3 Nb8 18. Nb5 Bxb5 19. Rxb5 b6 20. Qd2 Nd7 21.
Rc1 Rac8 22. Bf3 Nf6 23. Rbb1 Rfd8 24. Ne2 Qd7 25. Qd3 Rc7 26. Qb3 Rdc8 27. a4
d5 28. cxd5 Rxc1+ 29. Rxc1 Rxc1+ 30. Nxc1 Nxd5 31. Ne2 Ne7 32. Qc4 Nf5 33. d5
e5 34. Bg4 Bf8 35. Nc3 Bc5 36. Ne4 Nd6 37. Nf6+ Kg7 38. Qa2 Qd8 39. Nd7 f5 40.
Nxc5 bxc5 41. Be2 Qa5 42. f4 Qe1+ 43. Kh2 Ne4 44. g4 Nc3 45. Qb2 Nxe2 46. Qxe5+
Kh6 47. g5+ Kh5 48. Qe3 Qh4+ 49. Qh3 Qxh3+ 50. gxh3 Nxf4 51. d6 Kxg5 52. d7 Ne6
53. Kg3 Kf6 54. a5 Ke7 55. d8=Q+ Kxd8 56. a6 c4 57. h4 c3 58. h5 g5 59. h6 c2
60. Kh3 c1=Q 61. Kh2 Qd2+ 62. Kh3 Nf4+ 63. Kg3 Qg2# 0-1

[Event "15. Bayer Open"]
[Site "Leverkusen"]
[Date "2017.03.27"]
[Round "6.49"]
[White "Roder, Stephan"]
[Black "Esser, Heinz"]
[Result "1-0"]
[WhiteElo "1389"]
[BlackElo "1355"]
[Annotator "Birnkott,Manfred"]
[PlyCount "111"]
[EventDate "2017.??.??"]
[WhiteTeam "Bergische SF"]
[BlackTeam "SV Dormagen"]

1. d4 Nf6 2. g3 g6 3. Bg2 Bg7 4. Nf3 d6 5. O-O O-O 6. Nbd2 h6 7. Re1 Nbd7 8. c3
c5 9. Qc2 Rb8 10. e4 cxd4 11. cxd4 e5 12. dxe5 dxe5 13. Nb3 b6 14. Nh4 Ba6 15.
Bd2 Rc8 16. Qd1 Nc5 17. Nxc5 bxc5 18. Qc1 Kh7 19. Bc3 Nd7 20. Rd1 Qe7 21. Qc2
Bc4 22. Bh3 Be6 23. Bxe6 Qxe6 24. Qa4 Nf6 25. f3 Nh5 26. Rd5 Rfd8 27. Rad1 Rxd5
28. exd5 Qd6 29. Qxa7 Rc7 30. Qb8 Nf6 31. Ba5 Rd7 32. Qxd6 Rxd6 33. Bc3 Nxd5
34. a3 f6 35. Kf2 Bf8 36. Ng2 c4 37. Be1 g5 38. a4 f5 39. a5 f4 40. g4 Kg6 41.
a6 Nc7 42. Ra1 Na8 43. Bb4 Rf6 44. Bc3 Bc5+ 45. Ke2 Rd6 46. Ra4 e4 47. Rxc4
exf3+ 48. Kxf3 Bg1 49. Rc8 Rxa6 50. Rg8+ Kf7 51. Rg7+ Ke8 52. h4 Kf8 53. hxg5
Bh2 54. Nxf4 Bxf4 55. Kxf4 Ra4+ 56. Kg3 1-0

[Event "15. Bayer Open"]
[Site "Leverkusen"]
[Date "2017.03.27"]
[Round "6.51"]
[White "Balduan, Karl-Heinz"]
[Black "Sinner, Joselyne"]
[Result "0-1"]
[WhiteElo "1511"]
[BlackElo "1050"]
[PlyCount "70"]
[EventDate "2017.??.??"]
[WhiteTeam "Königsspringer Leverkusen"]
[BlackTeam "SG Porz"]

1. e4 e5 2. Bc4 Nf6 3. d3 Nc6 4. Ne2 d5 5. exd5 Nxd5 6. O-O Be6 7. Ng3 Bc5 8.
Be3 Bxe3 9. fxe3 Nxe3 10. Qe2 Nxf1 11. Bxe6 Qd4+ 12. Kh1 Nxg3+ 13. hxg3 fxe6
14. Nc3 h5 15. Rb1 h4 16. g4 O-O-O 17. a3 Rdf8 18. Ne4 Ne7 19. Kh2 Ng6 20. c3
Qb6 21. b4 Nf4 22. Qc2 h3 23. g3 Ng6 24. a4 Rf7 25. a5 Qc6 26. b5 Qd7 27. Rb4
Rf3 28. d4 exd4 29. cxd4 Rd8 30. Nc5 Qd5 31. Qxg6 Rf6 32. Qe4 Qa2+ 33. Kg1 Qf2+
34. Kh1 Qf1+ 35. Kh2 Rf2+ 0-1

[Event "15. Bayer Open"]
[Site "Leverkusen"]
[Date "2017.03.27"]
[Round "6.52"]
[White "Ecker, Karl-Heinz"]
[Black "Weirich, Ralf"]
[Result "1/2-1/2"]
[WhiteElo "1396"]
[BlackElo "1251"]
[PlyCount "45"]
[EventDate "2017.??.??"]
[WhiteTeam "SK Köln-Worringen"]
[BlackTeam "TV Witzhelden"]

1. e4 e5 2. Nf3 Nc6 3. Nc3 Nf6 4. a3 Bc5 5. h3 O-O 6. d3 d5 7. exd5 Nxd5 8. Ne4
Be7 9. g3 f5 10. Nc3 Nxc3 11. bxc3 b6 12. Qe2 Re8 13. Bg2 Bb7 14. O-O Bd6 15.
Bg5 Be7 16. Bxe7 Rxe7 17. Rad1 Rb8 18. Rfe1 Qe8 19. Qf1 Nd8 20. Nd2 Bxg2 21.
Qxg2 Qc6 22. Qxc6 Nxc6 23. f3 1/2-1/2

[Event "15. Bayer Open"]
[Site "Leverkusen"]
[Date "2017.03.27"]
[Round "6.53"]
[White "Kolleck, Wolf-Dietrich"]
[Black "Teuber, Alfons"]
[Result "1-0"]
[WhiteElo "1492"]
[BlackElo "1031"]
[PlyCount "101"]
[EventDate "2017.??.??"]
[WhiteTeam "SC Bayer Leverkusen"]
[BlackTeam "BSW Opladen"]

1. d4 d5 2. c4 dxc4 3. e4 Nc6 4. Nc3 e6 5. Nf3 a6 6. Bxc4 Bb4 7. O-O h6 8. d5
Na5 9. Qa4+ c6 10. Qxb4 Nxc4 11. Qxc4 Nf6 12. Rd1 O-O 13. d6 Nd7 14. e5 c5 15.
Qg4 f5 16. Qg3 Kh7 17. Qh3 Kg8 18. Bxh6 Qe8 19. Bf4 Qg6 20. Rd3 Qg4 21. Qxg4
fxg4 22. Ng5 Rxf4 23. Nxe6 Nxe5 24. Nxf4 Nxd3 25. Nxd3 b6 26. Na4 Rb8 27. Re1
Bd7 28. Nc3 Rd8 29. Rd1 Re8 30. g3 a5 31. Nf4 Kf7 32. Kf1 b5 33. Re1 b4 34.
Rxe8 Kxe8 35. Ne4 Bb5+ 36. Ke1 Bc6 37. Nxc5 a4 38. Ncd3 b3 39. axb3 axb3 40.
Ne5 Bb5 41. Nxg4 Bc4 42. d7+ Kd8 43. Ne5 Bb5 44. Nf7+ Ke7 45. d8=Q+ Kxf7 46.
Qd6 Bc4 47. g4 Kg8 48. Ne6 Kh7 49. Ng5+ Kh8 50. Qg6 Bg8 51. h4 1-0

[Event "15. Bayer Open"]
[Site "Leverkusen"]
[Date "2017.04.03"]
[Round "7.1"]
[White "Balduan, Markus"]
[Black "Peschel, Andreas"]
[Result "1/2-1/2"]
[WhiteElo "2219"]
[BlackElo "2157"]
[PlyCount "45"]
[EventDate "2017.??.??"]
[WhiteTeam "TV Witzhelden"]
[BlackTeam "SG Solingen"]

1. d4 d5 2. c4 c6 3. Nf3 e6 4. Nc3 Nf6 5. cxd5 exd5 6. Qc2 g6 7. Bg5 Bg7 8. e3
Bf5 9. Bd3 Bxd3 10. Qxd3 O-O 11. O-O Qd6 12. Rab1 a5 13. Bxf6 Qxf6 14. Na4 Nd7
15. Rfc1 Rfb8 16. Nd2 Bf8 17. Nb3 Bd6 18. Rc2 Qe7 19. Nbc5 Nxc5 20. Nxc5 f5 21.
g3 Kg7 22. Re1 h5 23. f4 1/2-1/2

[Event "15. Bayer Open"]
[Site "Leverkusen"]
[Date "2017.04.03"]
[Round "7.2"]
[White "Neubauer, Jürgen"]
[Black "Marcziter, Dmitrii"]
[Result "0-1"]
[WhiteElo "1981"]
[BlackElo "2254"]
[PlyCount "61"]
[EventDate "2017.??.??"]
[WhiteTeam "SK Turm Euskirchen"]
[BlackTeam "DJK Aufwärts Aachen"]

1. e4 c5 2. Nf3 Nc6 3. d4 cxd4 4. Nxd4 Nf6 5. Nc3 d6 6. Be2 e6 7. Be3 a6 8. O-O
Qc7 9. f4 Be7 10. Bf3 O-O 11. a4 Re8 12. Nb3 b6 13. Qe1 Rb8 14. Qf2 Na5 15.
Nxa5 bxa5 16. Rab1 Rb4 17. g4 Bb7 18. Qg2 Nd7 19. g5 Bf8 20. h4 g6 21. h5 Bg7
22. hxg6 fxg6 23. Nd1 Nc5 24. c3 Rxa4 25. Nf2 Rd8 26. Rfc1 e5 27. Bxc5 Qxc5 28.
b4 Qe3 29. Bd1 Ra3 30. bxa5 Bc6 31. Bb3+ 0-1

[Event "15. Bayer Open"]
[Site "Leverkusen"]
[Date "2017.04.03"]
[Round "7.3"]
[White "Stillger, Bernhard"]
[Black "Lindam, Ingo"]
[Result "1-0"]
[WhiteElo "2240"]
[BlackElo "2071"]
[PlyCount "91"]
[EventDate "2017.??.??"]
[WhiteTeam "Oberhausener SV"]
[BlackTeam "Kölner SK Dr. Lasker"]

1. d4 Nf6 2. c4 g6 3. Nc3 Bg7 4. e4 d6 5. h3 O-O 6. Bg5 Na6 7. Bd3 e5 8. d5 Qe8
9. Nge2 Bd7 10. Ng3 h5 11. O-O Nc5 12. Bc2 a5 13. Qd2 Nh7 14. Bh6 Qe7 15. Nb5
Rac8 16. Rae1 Qh4 17. Bxg7 Kxg7 18. Qe3 g5 19. Qf3 g4 20. Qf5 Qxg3 21. fxg3
Bxf5 22. Rxf5 Kg6 23. h4 f6 24. Kf2 Rf7 25. Ke3 Rd8 26. Rd1 Nf8 27. b3 Ra8 28.
a3 Nfd7 29. Nxc7 Rc8 30. Nb5 a4 31. b4 Nb3 32. Bxb3 axb3 33. Nxd6 Ra8 34. Nxf7
Kxf7 35. Kd2 Rxa3 36. Kc3 b2+ 37. Kxb2 Rxg3 38. Rxh5 Kg6 39. Rh8 Nb6 40. d6
Nxc4+ 41. Ka2 Rxg2+ 42. Kb3 Nd2+ 43. Ka4 Nxe4 44. d7 Nc3+ 45. Ka5 Ra2+ 46. Kb6
1-0